MWD (Record no. 104334)

MARC details
000 -LEADER
fixed length control field 01447cam a2200277 4500
001 - CONTROL NUMBER
control field ##L130037
008 - FIXED-LENGTH DATA ELEMENTS--GENERAL INFORMATION
fixed length control field 050616n2005 000 0 eng u
020 ## - INTERNATIONAL STANDARD BOOK NUMBER
International Standard Book Number 0418829004
035 ## - SYSTEM CONTROL NUMBER
System control number (Sirsi) u130037
041 0# - LANGUAGE CODE
Language code of text/sound track or separate title eng
050 04 - LIBRARY OF CONGRESS CALL NUMBER
Classification number 692.8 $2 18
110 2# - MAIN ENTRY--CORPORATE NAME
Corporate name or jurisdiction name as entry element Joint Contracts Tribunal
9 (RLIN) 3664
240 00 - UNIFORM TITLE
Uniform title MWD 05
245 00 - TITLE STATEMENT
Title MWD
Remainder of title Minor Works Building Contract With Contractor's Design 2005
260 ## - PUBLICATION, DISTRIBUTION, ETC.
Place of publication, distribution, etc. London
Name of publisher, distributor, etc. Sweet and Maxwell
Date of publication, distribution, etc. 2005
300 ## - PHYSICAL DESCRIPTION
Extent ii, 40p. $3 0cm.
350 ## - PRICE (NR) (BK AM CF MU VM SE) [OBSOLETE]
Price 11.95
490 #0 - SERIES STATEMENT
Series statement JCT Minor Works Building Contract With Contractor's Design 2005 Edition
520 ## - SUMMARY, ETC.
Summary, etc. Appropriate for simple works where the requirements for the contractor's design of parts are detailed by or on behalf of the employer. The contract may be used where drawings, a specification and/or work schedules define the quantity and quality of the work and there is a contract administrator. This form is not suitable as a design and build contract, where bills of quantities are required, where provisions for named specialists are required or where detailed control procedures are needed.
650 24 - SUBJECT ADDED ENTRY--TOPICAL TERM
Topical term or geographic name entry element JCT MINOR WORKS BUILDING CONTRACT WITH CONTRACTOR'S DESIGN (2005 EDITION)
650 24 - SUBJECT ADDED ENTRY--TOPICAL TERM
Topical term or geographic name entry element JCT MINOR WORKS BUILDING CONTRACT (2005 EDITION)
651 #4 - SUBJECT ADDED ENTRY--GEOGRAPHIC NAME
Geographic name United Kingdom
Chronological subdivision
690 ## - LOCAL SUBJECT ADDED ENTRY--TOPICAL TERM (OCLC, RLIN)
Topical term or geographic name as entry element BUILT ENVIRONMENT-BUILDING CONTRACT FORMS-STANDARD FORMS OF BUILDING CONTRACT-JOINT CONTRACTS TRIBUNAL CONTRACTS
942 ## - ADDED ENTRY ELEMENTS (KOHA)
Suppress in OPAC 0
Holdings
Withdrawn status Lost status Source of classification or shelving scheme Damaged status Not for loan Home library Current library Shelving location Date acquired Cost, normal purchase price Total Checkouts Full call number Barcode Date last seen Copy number Cost, replacement price Price effective from Koha item type
    Dewey Decimal Classification     London London Boxed set 28/06/2005 14.04   JCT 2005/31 30070886 06/08/2019 1 14.04 06/08/2019 Reference material